| 000 | 00859nam a22002177a 4500 | ||
|---|---|---|---|
| 999 |
_c1267 _d1267 |
||
| 003 | AR-CdUCM | ||
| 008 | 190226b ||||| |||| 00| 0 ita d | ||
| 040 |
_aMUNICIPALIDAD PROVINCIAL DEL CUSCO _cBIBLIOTECA MUNICIPAL DEL CUSCO |
||
| 082 |
_a344.4945 / _bSI57 |
||
| 100 |
_aSiracusa, Francesco _94917 |
||
| 245 | _aIstituzioni di diritto penitenziario / | ||
| 260 |
_aMilano : _bEditore Libraio della Real Casa, _c1935. |
||
| 300 |
_a374 páginas ; _c15 cm. |
||
| 505 | _aContenido: Sintesi del diritto penitenziario -- Fonti del diritto penitenziario -- Ordinamento penitenziario -- Il rapporto giuridico punitivo esecutivo -- Il rapporto giuridico punitivo esecutivo ... | ||
| 650 |
_aItalia _92273 |
||
| 650 |
_aCiencias Políticas _93123 |
||
| 650 |
_aDerecho _9739 |
||
| 700 |
_aHoepli, Manuali (coautor) _94918 |
||
| 942 |
_2ddc _cLIBROS |
||
| 945 | _aachl | ||